[Event "Oslo op"]
[Site "Fornebu"]
[Date "2017.10.01"]
[Round "4"]
[White "Reigstad, Erlend"]
[Black "Enersen, Eirik S"]
[Result "0-1"]
[WhiteElo "1687"]
[BlackElo "1911"]
[PlyCount "22"]
[EventDate "2017.09.29"]
[EventType "swiss"]
[EventRounds "10"]
[EventCountry "NOR"]
[SourceTitle "CBM 181 Extra"]
[Source "ChessBase"]
[SourceDate "2017.12.12"]
[SourceVersion "1"]
[SourceVersionDate "2017.12.12"]
[SourceQuality "1"]

1. e4 c5 2. Nf3 g6 3. d4 cxd4 4. Qxd4 Nf6 5. Bc4 Nc6 6. Qc3 d6 7. b4 Bg7 8. Qb3 0-0 9. Ng5 e6 10. Nc3 Nd4 11. Qb1 Qc7 0-1

[Event "Sitges op 43rd"]
[Site "Sitges"]
[Date "2017.07.27"]
[Round "6"]
[White "Lorenzo de la Riva, Lazaro"]
[Black "Enersen, Eirik S"]
[Result "1-0"]
[WhiteElo "2389"]
[BlackElo "1725"]
[PlyCount "117"]
[EventDate "2017.07.22"]
[EventType "swiss"]
[EventRounds "9"]
[EventCountry "ESP"]
[SourceTitle "CBM 179 Extra"]
[Source "ChessBase"]
[SourceDate "2017.08.23"]
[SourceVersion "1"]
[SourceVersionDate "2017.08.23"]
[SourceQuality "1"]

1. e4 c6 2. Nc3 d5 3. Nf3 Nf6 4. e5 Ne4 5. Ne2 Qb6 6. d4 c5 7. dxc5 Qxc5 8. Ned4 Nc6 9. Bb5 Bd7 10. Bxc6 bxc6 11. 0-0 e6 12. Nb3 Qb6 13. Be3 c5 14. Rb1 a5 15. Nbd2 Nxd2 16. Nxd2 Bc6 17. c3 Bb5 18. c4 Ba6 19. Qa4+ Kd8 20. Bg5+ Be7 21. Bxe7+ Kxe7 22. Rfe1 Bb7 23. cxd5 Bxd5 24. Qh4+ Kf8 25. a3 Qd8 26. Qf4 g5 27. Qe3 Qe7 28. Rbc1 Rc8 29. Ne4 Bxe4 30. Qxe4 Kg7 31. Rc3 Rhd8 32. h3 Rb8 33. Qc2 Rd5 34. Rg3 h6 35. h4 f6 36. exf6+ Qxf6 37. b3 Rf5 38. Qd2 Rb7 39. hxg5 hxg5 40. Rge3 Re7 41. a4 Qd4 42. Rd3 Qb4 43. Qb2+ e5 44. Qc1 Ref7 45. Rd5 Qxb3 46. Rdxe5 Qa2 47. Qxc5 Qxf2+ 48. Qxf2 Rxf2 49. Rxg5+ Kh6 50. Rxa5 Ra2 51. Re6+ Kg7 52. Rg5+ Kh7 53. a5 Ra7 54. Ree5 Kh6 55. Kh2 Ra4 56. Rb5 Rb7 57. Rgc5 Rxb5 58. Rxb5 Ra3 59. g3 1-0

[Event "Oslo Sveins op 10th"]
[Site "Oslo"]
[Date "2017.06.24"]
[Round "3"]
[White "Enersen, Eirik S"]
[Black "Toby, Albert"]
[Result "1/2-1/2"]
[WhiteElo "1705"]
[BlackElo "2015"]
[PlyCount "160"]
[EventDate "2017.06.23"]
[EventType "swiss"]
[EventRounds "9"]
[EventCountry "NOR"]
[SourceTitle "CBM 179 Extra"]
[Source "ChessBase"]
[SourceDate "2017.08.23"]
[SourceVersion "1"]
[SourceVersionDate "2017.08.23"]
[SourceQuality "1"]

1. e4 e5 2. Nf3 Qe7 3. Nc3 c6 4. Bc4 g6 5. d3 Bg7 6. 0-0 Nf6 7. Bg5 h6 8. Bh4 g5 9. Bg3 d6 10. h3 Nbd7 11. d4 0-0 12. dxe5 dxe5 13. Qe2 Nh5 14. Bh2 Nf4 15. Qe3 b5 16. Bb3 Nc5 17. Ne1 Rd8 18. Rd1 Ba6 19. Nd3 Nfxd3 20. cxd3 b4 21. Na4 Nxb3 22. axb3 Rd4 23. Rd2 c5 24. Rc1 Rc8 25. f3 Bf8 26. Bg3 Qe6 27. Qe2 f6 28. Bf2 Qxb3 29. Bxd4 exd4 30. Qd1 Qe6 31. b3 Bd6 32. Ra1 Qe5 33. Qf1 Qg3 34. Nb2 Bf4 35. Rc2 Be3+ 36. Kh1 Rc6 37. Nc4 Bf4 38. Kg1 Bc8 39. Qf2 Qh2+ 40. Kf1 a6 41. Ke2 Bb8 42. Qg1 Qc7 43. Qc1 Qh2 44. Qg1 Qc7 45. Qc1 Qg3 46. Qf1 f5 47. e5 Bxe5 48. Qf2 Re6 49. Qxg3 Bxg3+ 50. Kf1 Kf8 51. Re2 Rc6 52. Ne5 Re6 53. Nc4 Rc6 54. Ne5 Rc7 55. Ng6+ Kf7 56. Ne5+ Kf6 57. Nc4 h5 58. Re8 Kf7 59. Rh8 Kg6 60. Rg8+ Kf6 61. Rf8+ Kg7 62. Re8 h4 63. Ne5 Bb7 64. Nc4 Kf7 65. Rh8 Kg7 66. Re8 Bc6 67. Re2 Bb5 68. Rc2 Kf6 69. Raa2 Bf4 70. Ra1 Be3 71. Re1 f4 72. Ree2 Ke6 73. Ke1 Kd5 74. Kd1 Rc6 75. Ke1 Ke6 76. Kd1 a5 77. Ra2 Ra6 78. Nb2 Kd7 79. Kc2 Kc6 80. Re1 Ra7 1/2-1/2

[Event "Reykjavik op"]
[Site "Reykjavik"]
[Date "2016.03.15"]
[Round "9"]
[White "Weyer, Hans Juergen"]
[Black "Enersen, Eirik S"]
[Result "0-1"]
[WhiteElo "1967"]
[BlackElo "1689"]
[PlyCount "100"]
[EventDate "2016.03.08"]
[EventType "swiss"]
[EventRounds "10"]
[EventCountry "ISL"]
[SourceTitle "CBM 171 Extra"]
[Source "ChessBase"]
[SourceDate "2016.04.26"]
[SourceVersion "1"]
[SourceVersionDate "2016.04.26"]
[SourceQuality "1"]

1. e4 e6 2. d4 d5 3. Nc3 dxe4 4. Nxe4 Bd7 5. Nf3 Bc6 6. Ng3 Nd7 7. Bd3 Ngf6 8. 0-0 Be7 9. c3 0-0 10. Qe2 Bxf3 11. Qxf3 c6 12. Re1 Qc7 13. h3 Rfd8 14. a3 c5 15. dxc5 Ne5 16. Qf4 Rxd3 17. Qxe5 Qxe5 18. Rxe5 Rd1+ 19. Nf1 Nd7 20. Re2 Bg5 21. Bxg5 Rxa1 22. Be3 Ne5 23. f3 Rd8 24. Bf4 Rdd1 25. Bxe5 Rxf1+ 26. Kh2 Rfe1 27. Rd2 Rad1 28. Rd6 Rxd6 29. Bxd6 Rb1 30. b4 Rc1 31. a4 a6 32. b5 axb5 33. axb5 Rxc3 34. Kg3 Rb3 35. c6 bxc6 36. bxc6 Rc3 37. c7 f6 38. Kf4 Kf7 39. Ke4 Ke8 40. g4 Kd7 41. Bf8 g6 42. Bg7 f5+ 43. Kf4 Rxc7 44. h4 Ke8 45. Bf6 Rc4+ 46. Kg5 fxg4 47. fxg4 Kf7 48. Be5 h6+ 49. Kxh6 Rxg4 50. h5 Rh4 0-1

[Event "Reykjavik op"]
[Site "Reykjavik"]
[Date "2016.03.09"]
[Round "2"]
[White "Enersen, Eirik S"]
[Black "Bak, Christopher"]
[Result "1/2-1/2"]
[WhiteElo "1689"]
[BlackElo "1969"]
[PlyCount "83"]
[EventDate "2016.03.08"]
[EventType "swiss"]
[EventRounds "10"]
[EventCountry "ISL"]
[SourceTitle "CBM 171 Extra"]
[Source "ChessBase"]
[SourceDate "2016.04.26"]
[SourceVersion "1"]
[SourceVersionDate "2016.04.26"]
[SourceQuality "1"]

1. e4 e5 2. Nf3 Nc6 3. Nc3 Nf6 4. Bb5 Nd4 5. Nxd4 exd4 6. e5 dxc3 7. exf6 Qxf6 8. dxc3 Be7 9. Be3 0-0 10. 0-0 d6 11. Bd3 c5 12. Re1 Be6 13. Be4 Rab8 14. Qf3 b5 15. Bd5 Qxf3 16. Bxf3 Rfd8 17. Rad1 a5 18. Bd5 Kf8 19. Bf4 Bf5 20. Be4 Bxe4 21. Rxe4 g5 22. Bc1 h6 23. Rd5 Bf6 24. Kf1 b4 25. c4 Kg7 26. b3 Be5 27. g3 f5 28. Re2 Kf6 29. f4 Bd4 30. Be3 Bxe3 31. Rxe3 gxf4 32. Rf3 fxg3 33. hxg3 a4 34. Rdxf5+ Kg6 35. Rf6+ Kg5 36. R6f5+ Kg6 37. Rf6+ Kg7 38. Rf7+ Kg6 39. R7f6+ Kg7 40. Rf7+ Kg6 41. R7f6+ Kg7 42. Rf7+ 1/2-1/2

[Event "Asker Host A"]
[Site "Asker"]
[Date "2015.12.07"]
[Round "9"]
[White "Enersen, Eirik S"]
[Black "Rambo, Jan Bjarne"]
[Result "1/2-1/2"]
[WhiteElo "1607"]
[BlackElo "1947"]
[PlyCount "109"]
[EventDate "2015.08.31"]
[EventType "tourn"]
[EventRounds "9"]
[EventCountry "NOR"]
[SourceTitle "EXT 2018"]
[Source "ChessBase"]
[SourceDate "2017.10.13"]
[SourceVersion "1"]
[SourceVersionDate "2017.10.13"]
[SourceQuality "1"]

1. e4 e5 2. Nf3 Nc6 3. Nc3 Nf6 4. Bb5 Bc5 5. Nxe5 Nxe5 6. d4 a6 7. Ba4 b5 8. dxe5 bxa4 9. exf6 Qxf6 10. Qf3 Qxf3 11. gxf3 Bb4 12. Bd2 Bxc3 13. Bxc3 0-0 14. Rg1 f6 15. 0-0-0 d6 16. Rg3 Kf7 17. Ba5 Ra7 18. f4 Re8 19. Rd4 Bd7 20. Rc3 c5 21. Rxd6 Rxe4 22. Rxc5 Bb5 23. Bd2 Ke7 24. Rdd5 Rd7 25. Rxd7+ Bxd7 26. Rc3 Ke6 27. Rh3 h6 28. Rg3 Kf7 29. a3 Re2 30. Rd3 Bb5 31. Rf3 Ke6 32. Re3+ Kf5 33. Rxe2 Bxe2 34. Bb4 h5 35. Kd2 Bb5 36. Bf8 g5 37. fxg5 fxg5 38. Ke3 g4 39. f3 gxf3 40. Kxf3 Ke5 41. Ke3 Kd5 42. b3 axb3 43. cxb3 Bd7 44. Kd3 h4 45. Be7 h3 46. Kc3 Bg4 47. Kb4 Kc6 48. Ka5 Be2 49. Bb4 Bf1 50. Be1 Be2 51. Bf2 Bf1 52. a4 Be2 53. b4 Bf1 54. b5+ axb5 55. axb5+ 1/2-1/2

[Event "Asker Host A"]
[Site "Asker"]
[Date "2015.11.23"]
[Round "8"]
[White "Hole, Vegard"]
[Black "Enersen, Eirik S"]
[Result "0-1"]
[WhiteElo "1642"]
[BlackElo "1607"]
[PlyCount "76"]
[EventDate "2015.08.31"]
[EventType "tourn"]
[EventRounds "9"]
[EventCountry "NOR"]
[SourceTitle "EXT 2018"]
[Source "ChessBase"]
[SourceDate "2017.10.13"]
[SourceVersion "1"]
[SourceVersionDate "2017.10.13"]
[SourceQuality "1"]

1. d4 e6 2. Nf3 d5 3. Bf4 Bd6 4. Bg3 c5 5. c3 Nc6 6. e3 Nf6 7. Nbd2 a6 8. Bd3 c4 9. Be2 b5 10. Ne5 Qc7 11. Ndf3 Nd7 12. Nxf7 Kxf7 13. Ng5+ Ke7 14. Bh4 Nf6 15. e4 h6 16. e5 hxg5 17. exd6+ Qxd6 18. Bg3 Qd8 19. Qc2 Qe8 20. 0-0-0 Ne4 21. Bf3 Nxg3 22. fxg3 Kd6 23. h3 Bd7 24. Rhe1 Qd8 25. Rd2 Kc7 26. Rf2 Rf8 27. Qe2 Qf6 28. Ref1 Qe7 29. Qe3 Rf6 30. Qxg5 Rf5 31. Qg4 Qg5+ 32. Qxg5 Rxg5 33. Bg4 Kd6 34. Rf7 Rh8 35. R1f4 Nd8 36. Rf8 Rxf8 37. Rxf8 Ke7 38. Rf2 e5 0-1

[Event "NOR-ch U16-A"]
[Site "Oslo"]
[Date "2015.07.10"]
[Round "8"]
[White "Enersen, Eirik S"]
[Black "Garcia, Megan Alyssa"]
[Result "0-1"]
[WhiteElo "1477"]
[BlackElo "1370"]
[PlyCount "132"]
[EventDate "2015.07.04"]
[EventType "swiss"]
[EventRounds "9"]
[EventCountry "NOR"]
[SourceTitle "EXT 2017"]
[Source "ChessBase"]
[SourceDate "2016.10.25"]
[SourceVersion "1"]
[SourceVersionDate "2016.10.25"]
[SourceQuality "1"]

1. e4 d5 2. exd5 Nf6 3. Nc3 Nxd5 4. Nf3 Nxc3 5. dxc3 Qxd1+ 6. Kxd1 Bg4 7. Be2 Nc6 8. Nd4 Bxe2+ 9. Kxe2 Nxd4+ 10. cxd4 0-0-0 11. Be3 e6 12. Rhd1 Rd5 13. Rd3 Be7 14. Rad1 Rhd8 15. Bf4 Ra5 16. a3 Rf5 17. g3 g5 18. Be3 g4 19. Kf1 h5 20. Bf4 h4 21. Ke2 hxg3 22. hxg3 Rh5 23. c4 Bf6 24. b3 c6 25. Be3 a6 26. a4 Be7 27. Bf4 Bb4 28. Bd2 Bxd2 29. R1xd2 b5 30. axb5 axb5 31. Ke3 bxc4 32. bxc4 Rf5 33. Ra3 Rf3+ 34. Ke4 Rxa3 35. Kf4 Ra4 36. Kxg4 Rxc4 37. Kg5 Rdxd4 38. Ra2 Ra4 39. Rc2 Rdc4 40. Rd2 c5 41. Kf6 Ra7 42. f4 Rc3 43. g4 c4 44. Rh2 Rd3 45. g5 Rd5 46. Rh8+ Rd8 47. Rh7 Rdd7 48. Rh8+ Kc7 49. Rh7 Kd6 50. Rh1 Kc5 51. Rb1 Rab7 52. Rh1 Ra7 53. Rh8 c3 54. Rh2 Kc4 55. Ke5 Kb3 56. Rh3 Kb2 57. f5 exf5 58. Kxf5 c2 59. Rh2 Kb1 60. g6 fxg6+ 61. Kf6 c1Q 62. Re2 Qf1+ 63. Kg5 Qxe2 64. Kf4 Rd5 65. Kg3 Ra3+ 66. Kh4 Qe4# 0-1

[Event "Oslo Sveins op 8th"]
[Site "Oslo"]
[Date "2015.06.23"]
[Round "8"]
[White "Enersen, Eirik S"]
[Black "Kvendseth, Cornelius"]
[Result "0-1"]
[WhiteElo "1711"]
[BlackElo "1936"]
[PlyCount "78"]
[EventDate "2015.06.19"]
[EventType "swiss"]
[EventRounds "9"]
[EventCountry "NOR"]
[SourceTitle "CBM 167 Extra"]
[Source "ChessBase"]
[SourceDate "2015.09.14"]
[SourceVersion "1"]
[SourceVersionDate "2015.09.14"]
[SourceQuality "1"]

1. e4 c5 2. Nf3 Nc6 3. c3 e5 4. d4 cxd4 5. cxd4 Bb4+ 6. Bd2 exd4 7. Nxd4 Bc5 8. Be3 Qf6 9. Nxc6 Bxe3 10. fxe3 dxc6 11. Nc3 Nh6 12. Be2 0-0 13. Bf3 Qh4+ 14. g3 Qg5 15. Qe2 Rd8 16. Rd1 Bg4 17. h3 Be6 18. Kf2 f5 19. Rxd8+ Rxd8 20. Rd1 Rf8 21. a3 fxe4 22. Nxe4 Qf5 23. Rd4 c5 24. g4 Qxf3+ 25. Qxf3 Rxf3+ 26. Kxf3 cxd4 27. exd4 Nf7 28. Ke3 Kf8 29. Kf4 Ke7 30. h4 Bd5 31. Nc3 Bc6 32. g5 Nd6 33. b3 Ke6 34. a4 g6 35. b4 Nf5 36. d5+ Bxd5 37. Nxd5 Kxd5 38. h5 Kd4 39. h6 Ne7 0-1

[Event "Asker CC-ch A"]
[Site "Asker"]
[Date "2015.05.11"]
[Round "9"]
[White "Lovberget, Erik"]
[Black "Enersen, Eirik S"]
[Result "0-1"]
[WhiteElo "1322"]
[BlackElo "1418"]
[PlyCount "130"]
[EventDate "2015.02.23"]
[EventType "swiss"]
[EventRounds "9"]
[EventCountry "NOR"]
[SourceTitle "EXT 2023"]
[Source "ChessBase"]
[SourceDate "2022.10.05"]
[SourceVersion "1"]
[SourceVersionDate "2022.10.05"]
[SourceQuality "1"]

1. e4 e6 2. Nf3 d5 3. exd5 exd5 4. d4 c5 5. Be3 cxd4 6. Nxd4 Nc6 7. Bb5 Bd7 8. 0-0 Nxd4 9. Bxd7+ Qxd7 10. Bxd4 f6 11. Re1+ Kd8 12. Nc3 Bb4 13. a3 Bxc3 14. Bxc3 Ne7 15. Qd2 Kc7 16. Rad1 Rad8 17. Qf4+ Kc8 18. h3 Rhe8 19. Bd4 Nc6 20. Re3 Re4 21. Rxe4 dxe4 22. c3 Qe6 23. Rd2 Nxd4 24. cxd4 Qc6 25. Qe3 Qc1+ 26. Kh2 Rd6 27. Qe2 Qc7 28. Kg1 f5 29. d5 Kd8 30. Rd4 Qa5 31. Qe3 g6 32. b4 Qb5 33. Qd2 b6 34. Qd1 a5 35. a4 Qa6 36. b5 Qc8 37. Qd2 Qc5 38. h4 Ke7 39. Kh1 Kf6 40. Qb2 Kf7 41. Qd2 Rd7 42. Qd1 Kf6 43. Qa1 Ke7 44. Rd2 Kf7 45. Qb2 Rxd5 46. Rc2 Qd6 47. Qa2 Kg7 48. Qb2+ Kf7 49. Qa2 Ke7 50. g3 Qe6 51. Qb2 Qe5 52. Qxe5+ Rxe5 53. Rc6 Re6 54. Rc7+ Kd6 55. Rxh7 Kc5 56. Rh6 Rd6 57. h5 gxh5 58. Rxh5 Rd5 59. Kg2 Kb4 60. g4 Kxa4 61. Rxf5 Rd6 62. g5 Kb3 63. Rf6 Rd5 64. g6 a4 65. Rxb6 a3 0-1

[Event "Asker CC-ch A"]
[Site "Asker"]
[Date "2015.04.27"]
[Round "8"]
[White "Enersen, Eirik S"]
[Black "Holler, Ole Jakob"]
[Result "1-0"]
[WhiteElo "1418"]
[BlackElo "1213"]
[PlyCount "71"]
[EventDate "2015.02.23"]
[EventType "swiss"]
[EventRounds "9"]
[EventCountry "NOR"]
[SourceTitle "EXT 2023"]
[Source "ChessBase"]
[SourceDate "2022.10.05"]
[SourceVersion "1"]
[SourceVersionDate "2022.10.05"]
[SourceQuality "1"]

1. e4 c5 2. Nf3 d6 3. Bb5+ Bd7 4. Bxd7+ Qxd7 5. 0-0 e5 6. c3 Nf6 7. d4 cxd4 8. cxd4 exd4 9. Nxd4 Be7 10. Nc3 0-0 11. Nf5 Nc6 12. Bg5 Rad8 13. Nxe7+ Nxe7 14. Bxf6 gxf6 15. Nd5 Nxd5 16. Qxd5 Rc8 17. Qd4 Rfe8 18. f3 d5 19. Rfd1 Qb5 20. exd5 Qc5 21. Qxc5 Rxc5 22. Rd2 Kf8 23. Kf2 Rec8 24. Re1 Rc2 25. Rxc2 Rxc2+ 26. Re2 Rxe2+ 27. Kxe2 Ke7 28. Kd3 Kd6 29. Ke4 b5 30. Kf5 Kxd5 31. Kxf6 a5 32. Kxf7 b4 33. f4 a4 34. f5 b3 35. axb3 axb3 36. f6 1-0